100 Valentine's Day Movies Quiz - Statistics

General Stats
  • This quiz has been taken 228 times
  • The average score is 21 of 100
Answer Stats
Year Hint Answer % Correct
1997 Iceberg breaks up star-crossed couple. (Leonardo DiCaprio) Titanic
84%
1987 Girl falls for dance instructor who also teaches her to stand up for herself. (Patrick Swayze) Dirty Dancing
72%
2004 Unforgettable kiss in the rain. (Ryan Gosling) The Notebook
70%
2016 Musical in which a man and woman meet, fall in love, and must choose between staying together or pursuing successful careers. (Emma Stone) La La Land
62%
1990 Corporate raider hires call-girl while he's in town and the two fall in love. (Julia Roberts) Pretty Woman
61%
1990 Ditto. (Patrick Swayze) Ghost
57%
1942 Sam plays it again in Morocco. (Humphrey Bogart) Casablanca
53%
1978 Musical in which a high school car enthusiast falls for a preppy girl. (Olivia Newton John) Grease
53%
2004 Woman who loses her memory when she goes to sleep every night is wooed anew daily by her boyfriend. (Adam Sandler) 50 First Dates
51%
2005 Cowboy just can't quit another cowboy. (Heath Ledger) Brokeback Mountain
44%
2003 Ad exec bets he can make a woman fall in love with him in 10 days. (Matthew McConaughey) How to Lose a Guy in 10 Days
44%
2014 Cancer couple (Shailene Woodley) The Fault in Our Stars
44%
1992 Singer falls for the help. (Kevin Costner) The Bodyguard
41%
1999 Shakespeare's Taming of the Shrew gets the high school treatment. (Julia Stiles) 10 Things I Hate About You
38%
1988 Bookstore owners fall in love. (Tom Hanks) You've Got Mail
38%
1955 Famous meatball and spaghetti sharing scene. (Barbara Luddy) Lady and the Tramp
37%
1999 Bookshop owner falls in love with famous movie star. (Hugh Grant) Notting Hill
37%
2008 Indian goes on local game show, wins and meets his love at a train station. (Dev Patel) Slumdog Millionaire
37%
2018 Girlfriend finds out her boyfriend's family is wealthy. (Constance Wu) Crazy Rich Asians
36%
1993 Widowed man's son call a radio show to try and find him a partner. (Meg Ryan) Sleepless in Seattle
36%
1989 Good friends realize love was right in front of them the whole time, and not just at the deli. (Meg Ryan) When Harry Met Sally
36%
2013 Man falls in love with 1s and 0s. (Joaquin Phoenix) Her
34%
2001 Musical in which writer falls for actress and they share a secret song. (Ewan McGregor) Moulin Rouge!
34%
2005 Middle-aged man finds love later than usual in life. (Steve Carell) The 40 Year-Old Virgin
34%
2007 Woman's husband dies and leaves notes to be opened periodically that lead her to realize she can love again. (Gerard Butler) P.S. I love You
32%
2005 Love consultant falls in love. (Eva Mendes) Hitch
31%
1997 Woman realizes she loves a man days before he is getting married and she sets her sights on him. (Julia Roberts) My Best Friend's Wedding
31%
2004 Love and a mind wipe. (Jim Carrey) Eternal Sunshine of the Spotless Mind
29%
1968 The bard's tale of star-crossed lovers from rival families. (Leonard Whiting) Romeo and Juliet
28%
1970 Couple learns love means never having to say you're sorry. (Ryan O'Neal) Love Story
27%
2009 Greeting Card writer's girlfriend breaks up with him and he reflects on the relationship to find a way to win her back. (Zooey Deschanel) 500 Days of Summer
26%
1987 Rich heiress falls off boat, loses her memory, and the carpenter she used to make fun of, convinces her that the two are married. (Kurt Russell) Overboard
26%
1993 Man gets stuck in recurring time loop and uses it to learn more about a woman he falls in love with. (Andie MacDowell) Groundhog Day
25%
2010 Woman plans trip to Dublin to propose to a man on Leap day because tradition there states he can't refuse on that day. (Amy Adams) Leap Year
25%
2002 Armenian family likely told protagonist off-screen to put some Windex on her relationship. (Nia Vardalos) My Big Fat Greek Wedding
24%
1998 The bard falls in love and is so inspired, he writes Romeo and Juliet. (Joseph Fiennes) Shakespeare in Love
24%
1984 Man and mermaid fall in love. (Tom Hanks) Splash
23%
1996 Near end of World War II, a nurse hears the story of a burn victim's love affair with a married woman. (Juliette Binoche) The English Patient
23%
1996 Sports agent had his secretary at hello. (Tom Cruise) Jerry Maguire
22%
1997 Genius leaves Boston to see about a girl. (Minnie Driver) Good Will Hunting
21%
2012 Pair of former mental patients fall in love with the help of some "signs." (Jennifer Lawrence) Silver Linings Playbook
21%
2001 Petite French woman with garden gnome seeks to help others on her journey to love. (Mathieu Kassovitz) Amelie
19%
2011 When his wife asks for a divorce, man learns about love from his single buddy. (Julianne Moore) Crazy, Stupid Love
19%
1987 Woman falls in love with fiance's brother. (Cher) Moonstruck
19%
2001 Soulmates meet by chance and test destiny by parting. Years later they both try and find each other and comically just miss one another several times. (John Cusack) Serendipity
19%
1987 Fire Swamp (Robin Wright) The Princess Bride
19%
1995 The long walk and talk of romance between train passengers. (Julie Delpy) Before Sunrise
18%
1998 Angel falls in love with mortal woman. (Meg Ryan) City of Angels
18%
1995 Retelling of Jane Austen tale about three sisters and a second wife left penniless when the husband dies. (Tom Wilkinson) Sense and Sensibility
16%
2010 Man must defeat league of evil exes to prove his love for his new girlfriend. (Michael Cera) Scott Pilgrim Vs. the World
15%
1995 Married woman falls for National Geographic photographer. (Clint Eastwood) The Bridges of Madison County
15%
1982 Love lifts them up where they belong, but a Navy man lifts a woman off her feet. (Debra Winger) An Officer and a Gentleman
14%
1987 Comedy about a man with a big nose who helps others find love, only to find it himself. (Steve Martin) Roxanne
14%
1967 Man falls for older woman and stops her wedding. (Anne Bancroft) The Graduate
14%
2017 Del Toro film in which a woman falls in love with the supernatural creature detained at the facility where she works as a cleaner/maid. (Doug Jones) The Shape of Water
14%
2009 Wife encounters temporal trouble with traveling husband. (Eric Bana) The Time Traveler's Wife
14%
1989 He gave her his heart and she gave him a pen. (John Cusack) Say Anything
13%
2015 Irish immigrant arrives in 1950s Brooklyn and promptly falls in love with an American. (Emory Cohen) Brooklyn
11%
1984 Author goes to Colombia to rescue her sister, is thrown together with a rugged, handsome treasure hunter, and writes a book about the experience. (Michael Douglas) Romancing the Stone
11%
1960 Insurance clerk tries to improve his career by letting co-workers use his apartment for liaisons, only to fall in love himself as a result. (Shirley MacLaine) The Apartment
11%
2001 Fisherman leaves to fight in WWII and his fiancee falls in love with an Italian commander. (Penelope Cruz) Captain Corelli's Mandolin
10%
1934 Capra film in which a reporter winds up stuck with an heiress after a bus leaves without them. (Claudette Colbert) It Happened One Night
10%
1995 Chauffer's daughter has a crush on one of the brothers of the rich family her father works for, but the other brother has something to say about it. (Julia Ormond) Sabrina
10%
2003 Swinging senior falls in love with the mother of his younger girlfriend after she helps him after a heart attack. (Jack Nicholson) Something's Gotta Give
10%
2008 Father about to get a divorce tells his daughter the story of how he fell in love with her mother. (Rachel Weisz) Definitely, Maybe
8%
1995 Fiancee on a plane is used to smuggle jewelry into Paris and finds she has feelings for the jewel thief. (Kevin Kline) French Kiss
8%
2007 While seeking a fallen star for the woman a man is smitten with, he finds true love. (Charlie Cox) Stardust
8%
1993 Geek marries a call girl, steals drugs from her pimp and the couple go on the run. (Patricia Arquette) True Romance
8%
2001 A squire in the midst of changing his stars, dons the guise of a knight and falls in love with a maiden of nobility. (Shannyn Sossamon) A Knight's Tale
7%
1992 Irishman tries to kill his landlord and ends up on the run to America with the daughter of the man he tried to kill. (Nicole Kidman) Far and Away
7%
2017 Pakistani comedian falls for grad student and has to meet her family after she falls ill from a mysterious sickness. (Kumail Nanjiani) The Big Sick
7%
1985 Film star walks off the screen and into a woman's arms. (Jeff Daniels) The Purple Rose of Cairo
7%
1989 Ghost of a pilot watches over the love of his life as she falls in love with another man. (Richard Dreyfuss) Always
6%
1957 Couple fall in love and agree to meet six years later atop the Empire State Building. (Deborah Kerr) An Affair to Remember
6%
2016 Biopic about an interracial couple living in 1960s Virginia. (Ruth Negga) Loving
6%
1980 Man uses hypnosis to travel back in time, where he falls in love with an actress. (Christopher Reeve) Somewhere in Time
6%
1967 Lawyer uncharacteristically marries a free-spirited woman to comic results. (Jane Fonda) Barefoot in the Park
5%
1995 Three women attend university in Dublin and one of them falls in love with a student there. (Minnie Driver) Circle of Friends
5%
1991 Big city doctor crashes car in a small town on way to California, and falls in love with small town life and a particular legal student. (Julie Warner) Doc Hollywood
5%
2000 NBA wannabes get together after high school, play college ball, break up, turn pro and find each other again. (Omar Epps) Love & Basketball
5%
1977 An unemployed dancer and her 10 year-old daughter are forced by their situation to live with an off-Broadway actor. (Richard Dreyfuss) The Goodbye Girl
5%
2002 Two friends use the same pseudonym in 1890s London when courting women. Hilarious hijinks ensue. (Reese Witherspoon) The Importance of Being Earnest
5%
2019 Man has one day to convince deportee to fall in love with him. (Charles Melton) The Sun is Also a Star
5%
1951 English missionary convinces a river boat captain to attack a German ship. (Meg Ryan) The African Queen
4%
2006 Man must deal with wife's institutionalization due to Alzheimers. (Michael Murphy) Away from Her
3%
2017 A woman formerly shunned from her Orthodox Jewish community for her attraction to a female childhood friend returns, and starts up a relationship with that same woman. (Rachel Weisz) Disobedience
3%
1998 Reimagining of a Disney princess tale. (Drew Barrymore) Ever After: A Cinderella Story
3%
2005 Former rotund man returns to hometown slimmed down and breaks through the friend zone. (Amy Smart) Just Friends
3%
1992 Woman takes up cooking when tradition prevents her from being with the one she loves. (Marco Leonardi) Like Water for Chocolate
3%
2006 Man is sent to India to to get Indian call center team up to standard and falls in love with one of the call reps. (Ayesha Dharker) Outsourced
3%
1993 Busboy with a diseased heart falls wildly in love with a waitress. (Christian Slater) Untamed Heart
3%
2011 Politician and dancer know they are meant to be together despite the plans of men in hats with extraordinary abilities and their boss upstairs. (Emily Blunt) The Adjustment Bureau
2%
2003 Fiance leaves his comfort zone and finds love where he wasn't expecting it. (Julia Stiles) A Guy Thing
1%
2006 Love triangle ensues between Mexican, Italian writer and wealthy American. (Salma Hayek) Ask the Dust
1%
2011 British student falls in love with an American student just before she gets banned from the United States. (Anton Yelchin) Like Crazy
1%
1991 Black man falls in love with Indian woman in 1970s Mississippi. (Denzel Washington) Mississippi Masala
1%
2014 Screenwriter uses the experiences of his relationships to finish his screenplay. (Michelle Monaghan) Playing it Cool
1%
2002 Lonely entrepreneur finds love with English woman while he is being extorted by the owner of a phone-sex line. Lots of pudding. (Emily Watson) Punch-Drunk Love
1%
1941 Card sharps target the heir to millions and then one of them falls in love with him. (Henry Fonda) The Lady Eve
1%
1958 A conman arrives in a small Mississippi town and insinuates himself into the town's richest household, where he falls in love. The Long Hot Summer
0%
No matching quizzes found
Score Distribution
Percent of People with Each Score
Percentile by Number Answered
Your Score History
You have not taken this quiz